000 00844nas a2200265 4500
001 BR9207821
003 BR-BrBNA
005 20231205093039.0
007 ta
008 230509b bl.|||p| |||| 00| 00por d
040 _aBR-BrBNA
_bpor
_cBiblioteca Nacional de Agricultura
041 _a(Pt)
072 _aH20
100 1 _aParadela Filho, O.
100 1 _aIto, M.F.
100 1 _aPompeu, A.S.
245 1 _aRacas fisiologicas de Colletotrichum lindemuthianum no estado de Sao Paulo
246 1 _aPhysiological races of Colletotrichum lindemuthianum in Sao Paulo state, Brazil
650 _aFEIJAO
650 _aANTRACNOSE
650 _aSAO PAULO
773 0 _tSumma Phytopathologica (Brazil)
_xISSN 0100-5405
_g(Jul-Dec 1991), v. 17(3-4) p. 181-187
_wBR9207821
909 _a202311
_bLúcia
_c55
_dLúcia Elande
942 _2AGRIS
_n0
_cANA
999 _c135872
_d135872